Pla d'optimització de recursos : corporació sostenible / coordinació: Servei de Logística corporació sostenible / coordinació:
Descripción Física:
152 p. : taules ; 30 cm
MARC
| LEADER | 00000nam a2200000Ia 4500 | ||
|---|---|---|---|
| 001 | 20594 | ||
| 003 | BGR | ||
| 005 | 20260324175642.0 | ||
| 008 | 160829s2008 xx 000 0 cat d | ||
| 080 | |a C-3-101 | ||
| 245 | |a Pla d'optimització de recursos : |b corporació sostenible / coordinació: |b Servei de Logística | ||
| 260 | |a Barcelona : |b Diputació de Barcelona. Servei de Logística, |c 2008 | ||
| 300 | |a 152 p. : |b taules ; |c 30 cm | ||
| 650 | |a Gestió ambiental |x Barcelona (Província) |9 36741 | ||
| 710 | 1 | |a Barcelona (Catalunya : Província). |b Diputació |b Servei de Logística |4 coord. |9 52408 | |
| 901 | |a Arxiu | ||
| 942 | |n 1 |2 udc |c MON | ||
| 952 | |0 0 |1 0 |4 0 |6 C3101 |7 1 |9 47471 |a Arxiu |b Arxiu |d 2016-12-01 |l 0 |o C-3-101 |p 20594 |r 2016-12-01 00:00:00 |w 2016-12-01 |y ARXIU | ||
| 999 | |c 51270 |d 51270 | ||